000 01202cam a2200253 4500
008 #DATE n2002 000 0 eng u
020 _a0922154724
035 _a(Sirsi) u121804
041 _aeng
050 _a333.3303
_c18
110 _aAppraisal Institute
_92987
245 4 _aThe dictionary of real estate appraisal
250 _a3rd ed.
260 _aChicago
_bAppraisal Institute
_c2002
300 _ax, 527p.
_c24cm
350 _a45.95
520 _aAn expanded and updated third edition of this primary reference work. As well as the alphabetically arranged definitions of terms the dictionary contains: a topic index; the Financial Institutions Reform, Recovery and Enforcement Act 1989 (FIRREA); significant US Supreme Court decisions affecting property rights and real estate appraisal; exam content outlines; license law officials; measures and conversions; construction components and trade symbols; tax considerations; types of range vegetation; types of soil. Bibliography and references.
650 _aDICTIONARIES
650 _aESTATE AGENCIES
650 _aREAL ESTATE
650 _aUNITED STATES
690 _aPROPERTY-PROPERTY APPRAISAL AND VALUATION
942 _n0
999 _c102744
_d102744